000
00495nam a2200145Ia 4500
008
100204s9999 xx 000 0 und d
082
_b
13787
100
_a
खाडीलकर उषा
245
_a
कविता काजळलेली
260
_b
"गृहलक्ष्मी प्रकाशन, मुंबई 4"
_c
1985
300
_a
92
630
_a
कविता काजळलेली
730
_a
कविता काजळलेली
942
_c
BOOK
999
_c
458219
_d
458216